Normal view
MARC view
Entry Personal Name
001 - CONTROL NUMBER
- control field: 1239986
003 - CONTROL NUMBER IDENTIFIER
- control field: OSt
005 - DATE AND TIME OF LATEST TRANSACTION
- control field: 20260514122711.0
008 - FIXED-LENGTH DATA ELEMENTS
- fixed length control field: 260514|| aca||aabn | a|a d
040 ## - CATALOGING SOURCE
- Original cataloging agency: OSt
- Transcribing agency: OSt
100 ## - HEADING--PERSONAL NAME
- Personal name: Dr.A.K.Sethi
670 ## - SOURCE DATA FOUND
- Source citation: Work cat.: (OSt)1851641: Kayina Dr.Choro Athiphro 1239985, Comparison of Pharynogo-Laryngo-Tracheal Complications Using Two Diferent Regimes of General Anaesthesia -An Exploratory Pilot Study.
